000 00490nam a2200169Ia 4500
999 _c3161
_d3161
003 GBCCL
005 20241126110448.0
008 171113b xxu||||| |||| 00| 0 eng d
040 _cgbc
082 _a248.844
_bWOO
100 _aWood, Beulah
_91994
245 _aHow many chappatis do you want ? :
_bcase studies from the Bible and modern Christians
260 _bSAIACS PRESS,
_aBangalore :
_c1999
300 _a168p.
650 _aChristian life
_vMarried couple
_96513
942 _2ddc
_cBK
_01